Commercial real estate prices and stock market returns : An international analysis

Bibliographic Details
Main Author: Daniel C. Quan
Other Authors: Titman, Sheridan
Format: Book
Published: [Bloomington, IN] : Real Estate Research Institute , 1996
Subjects:

MARC

LEADER 00000cam a2200000 7i4500
001 0000006850
005 20050503.0
040 |a INS 
090 0 0 |a HD7303   |b Q16 1996 
100 1 |a Daniel C. Quan 
245 1 0 |a Commercial real estate prices and stock market returns :   |b An international analysis   |c Daniel C. Quan, Sheridan Titman 
260 |a [Bloomington, IN] :   |b Real Estate Research Institute ,   |c 1996 
300 |a 19 p. ;   |c 27cm. 
650 0 0 |a Commercial property   |z United States 
700 1 |a Titman, Sheridan 
999 |a 0000007521   |b BOOK   |c Open Shelf   |e Default branch